<?xml version="1.0" encoding="UTF-8"?>
<record
    xmlns:xsi="http://www.w3.org/2001/XMLSchema-instance"
    xsi:schemaLocation="http://www.loc.gov/MARC21/slim http://www.loc.gov/standards/marcxml/schema/MARC21slim.xsd"
    xmlns="http://www.loc.gov/MARC21/slim">

  <leader>02205    a2200241   4500</leader>
  <controlfield tag="001">22039</controlfield>
  <controlfield tag="005">20260407155509.0</controlfield>
  <controlfield tag="008">260407a1993    arg                 spa d</controlfield>
  <controlfield tag="003">AR-UNSa-BCEJYS</controlfield>
  <datafield tag="040" ind1=" " ind2=" ">
    <subfield code="a">AR-UNSa-BCEJYS</subfield>
    <subfield code="b">spa</subfield>
    <subfield code="c">AR-UNSa-BCEJYS</subfield>
  </datafield>
  <datafield tag="080" ind1=" " ind2=" ">
    <subfield code="a">658.15</subfield>
    <subfield code="x">Administraci&#xF3;n financiera privada. Gesti&#xF3;n financiera de empresas
</subfield>
  </datafield>
  <datafield tag="245" ind1="1" ind2="0">
    <subfield code="a">Administraci&#xF3;n financiera</subfield>
  </datafield>
  <datafield tag="020" ind1=" " ind2=" ">
    <subfield code="a">968-880-304-9</subfield>
  </datafield>
  <datafield tag="250" ind1=" " ind2=" ">
    <subfield code="a">9a. ed.</subfield>
  </datafield>
  <datafield tag="264" ind1=" " ind2="1">
    <subfield code="a">M&#xE9;xico :</subfield>
    <subfield code="b">Prentice-Hall</subfield>
    <subfield code="c">1993</subfield>
  </datafield>
  <datafield tag="300" ind1=" " ind2=" ">
    <subfield code="a">xxi, 894 p.</subfield>
    <subfield code="c">25 cm.</subfield>
  </datafield>
  <datafield tag="505" ind1=" " ind2=" ">
    <subfield code="a">1. Objetivos y funciones de las finanzas - 2. Conceptos en  valuaci&#xF3;n - 3. Riesgos y rentabilidad de mercado - 4. Variable multiples y factores de valuaci&#xF3;n - 5. Valuaci&#xF3;n desde un punto de vista relativo - 6. Principios de inversi&#xF3;n de capital - 7. Riesgo y opciones administrativas para  en la presupuestos de capital - 8. Creaci&#xF3;n de valor mediante inversiones de capital - 9. Rendimientos requeridos para empresas, divisiones y adquisiciones - 10. Teor&#xED;a de la estructura de capital - 11. Toma de decisiones en la estructura de capital - 12. Otros aspectos de la pol&#xED;tica de dividendos - 14. Administraci&#xF3;n  del capital de trabajo y consideraciones de eficiencia del mercado - 14.La administraci&#xF3;n delas cuentas por cobrar y los inventarios - 15. Administraci&#xF3;n de efectivo y valores negociables - 16. Administraci&#xF3;n de cuentas por cobrar e inventarios - 17. Financiamiento sin garant&#xED;a a corto plazo - 18. Prestamos garantizados y t&#xE9;rminos de financiamiento - 19. Arrendamiento financiero - 20. Mercados financieros cambiantes - 21. Emisis&#xF3;n de valores - 22. Financiamiento con ingresos fijos y pasivos originados en fondos de pensiones - 23. Financiamiento con opciones:garantias convertibles e intercambiables - 24. Reestructuraci&#xF3;n corporativa y forzada - 25. Administraci&#xF3;n financiera internacional - 26. An&#xE1;lisis de razones financieras - 27. Planeaci&#xF3;n financiera </subfield>
  </datafield>
  <datafield tag="942" ind1=" " ind2=" ">
    <subfield code="c">BK</subfield>
  </datafield>
  <datafield tag="590" ind1=" " ind2=" ">
    <subfield code="a">niveau_biblio:m niveau_hierar:0</subfield>
  </datafield>
  <datafield tag="100" ind1="1" ind2=" ">
    <subfield code="a">Van Horne, James C.</subfield>
  </datafield>
  <datafield tag="700" ind1="1" ind2=" ">
    <subfield code="a">Paniagua G&#xF3;mez de Reyes, Mar&#xED;a del Carmen</subfield>
  </datafield>
  <datafield tag="856" ind1="4" ind2="1">
    <subfield code="u">https://biblioeco.unsa.edu.ar/pmb/images/libros/Administracion Financiera 9ed.jpg</subfield>
    <subfield code="y">Imagen de portada</subfield>
    <subfield code="q">image/jpeg</subfield>
  </datafield>
  <datafield tag="999" ind1=" " ind2=" ">
    <subfield code="c">888</subfield>
    <subfield code="d">888</subfield>
  </datafield>
  <datafield tag="952" ind1=" " ind2=" ">
    <subfield code="0">0</subfield>
    <subfield code="1">0</subfield>
    <subfield code="4">0</subfield>
    <subfield code="7">0</subfield>
    <subfield code="a">BCEJYS</subfield>
    <subfield code="b">BCEJYS</subfield>
    <subfield code="c">16</subfield>
    <subfield code="d">2026-04-07</subfield>
    <subfield code="l">0</subfield>
    <subfield code="o">658.15 V217 9ed.</subfield>
    <subfield code="p">L69821</subfield>
    <subfield code="r">2026-04-07 15:55:09</subfield>
    <subfield code="w">2026-04-07</subfield>
    <subfield code="y">L</subfield>
    <subfield code="z">TAPA DE ATRAS (PARTE SUPERIOR)UN POCO SUELTA - MANCHADO</subfield>
  </datafield>
  <datafield tag="952" ind1=" " ind2=" ">
    <subfield code="0">0</subfield>
    <subfield code="1">0</subfield>
    <subfield code="4">0</subfield>
    <subfield code="7">0</subfield>
    <subfield code="a">BCEJYS</subfield>
    <subfield code="b">BCEJYS</subfield>
    <subfield code="c">16</subfield>
    <subfield code="d">2026-04-07</subfield>
    <subfield code="l">0</subfield>
    <subfield code="o">658.15 V217 9ed.</subfield>
    <subfield code="p">L69560</subfield>
    <subfield code="r">2026-04-07 15:55:09</subfield>
    <subfield code="w">2026-04-07</subfield>
    <subfield code="y">L</subfield>
  </datafield>
</record>
